El Bundestag: El Quehacer Legislativo en la República Federal de Alemania /

El Bundestag es el nombre del Parlamento Federal Alemán y la Bundeshaus es el edificio que alberga al Parlamento. El folleto habla de los miembros, de las funciones que le corresponden, de la manera como se les elige, del proceso de creación y aprobación de leyes Federales, de otras atribuciones del...

ver descrição completa

Na minha lista:
Detalhes bibliográficos
Autor principal: Gerstenmaier, Eugen (pról.)
Formato: Livro
Idioma:espanhol
Publicado em: Bonn, Alemania : E. Beinhauer, 1967
Edição:9a edición
Assuntos:
Tags: Adicionar Tag
Sem tags, seja o primeiro a adicionar uma tag!

MARC

LEADER 00000nam^a2200000^a^4500
001 000020728
005 20250521000000.0
009 20260526113653.849
037 |a Acervo ITESO - Biblioteca 
041 |a ESP 
082 |a 328. 3  |b GER 
100 |a Gerstenmaier, Eugen  |e (pról.) 
245 1 3 |a El Bundestag: El Quehacer Legislativo en la República Federal de Alemania /  |c E. Gerstenmaier (Preámbulo). 
250 |a 9a edición 
264 1 |a Bonn, Alemania :  |b E. Beinhauer,  |c 1967 
300 |a 39 p. 
336 |a texto  |b txt  |2 rdacontenido 
337 |a sin mediación  |b n  |2 rdamedio 
338 |a volumen  |b nc  |2 rdasoporte 
520 |a El Bundestag es el nombre del Parlamento Federal Alemán y la Bundeshaus es el edificio que alberga al Parlamento. El folleto habla de los miembros, de las funciones que le corresponden, de la manera como se les elige, del proceso de creación y aprobación de leyes Federales, de otras atribuciones del Parlamento, etc. 
649 |a XX 
650 |a Alemania -  |x Historia -  |y RFA, 1949-1990 
650 |a Política 
650 |a Poder Legislativo -  |z Alemania 
910 |a Fondo General 
920 |a Impresos - Libros 
930 |a Colección General 
905 |a 101 
901 |a 0207280100  |b IT1  |c ACC  |i 020728  |u 20250521 
902 |a https://opac.biblio.iteso.mx/vufind/Record/000020728